|
|
|
|
| LEADER |
00000nab a2200000 a 4500 |
| 001 |
vtls008620969 |
| 003 |
SK-MaSNL |
| 005 |
20260303071916.0 |
| 008 |
060207c20060131xo mr| 0 0slo |
| 038 |
|
|
|a RVGKPD
|
| 040 |
|
|
|a RVGKPD
|b slo
|c RVGKPD
|e AACR2
|
| 041 |
0 |
|
|a slo
|
| 044 |
|
|
|a xo
|c SK
|
| 080 |
|
|
|a 687.2
|2 UDC-MRF-SK2
|
| 080 |
|
|
|a 687.1
|2 UDC-MRF-SK2
|
| 245 |
0 |
0 |
|a Gemtex preinvestoval vyše dvadsať miliónov
|c [autor] (SITA)
|
| 610 |
2 |
7 |
|a Gemtex (Rožňava, Slovensko)
|2 rvgkpd
|9 1024151
|
| 650 |
0 |
7 |
|a hospodárenie
|2 rvgkpd
|9 322275
|
| 651 |
|
7 |
|a Rožňava (Slovensko)
|2 rvgkpd
|9 17394
|
| 773 |
0 |
|
|t Korzár : Gemerský denník
|g Roč. VIII, č. 25 (31.1.2006), s. 1
|x 1335-7581
|
| 852 |
|
|
|a RVGKPD
|b KIS3G
|
| 992 |
|
|
|a RBX
|
| 999 |
|
|
|c 1761930
|d 1763860
|